000 00841nam a2200205Ia 4500
003 OSt
005 20240805155052.0
008 210210b1977 xxu||||| |||| 00| 0 eng d
040 _cAL
041 _aKannada
082 _a282.092K SVAB
100 _aSVAMI SUPRIYA.
_9141792
_d ಸ್ವಾಮಿ ಸುಪ್ರಿಯಾ
245 _aBhaktasantara jivana charitre:santa Spanislavs Kostaka mattu Santa John Barkamans.
_bಭಕ್ತಸಂತರ ಜೀವನ ಚರಿತ್ರೆ : ಸಂತ ಸ್ಪ್ಯಾನಿಸ್ಲಾವ್ಸ್ ಕೋಸ್ತಾಕ ಮತ್ತು ಸಂತ ಜಾನ್ ಬರ್ಕಮನ್ಸ್
260 _aBengaluru
_bShatabdi Prakashana
_c1977
300 _a74
650 _aSaint Stanislaus Costaco John Berchmans
_9141793
690 _aChristianity
_9141794
906 _a047316
942 _2ddc
_cBK
999 _c96411
_d96411